000 nam a22 a 4500
999 _c141882
_d141882
003 BLK
005 20230504154518.0
008 180409b bul|||||r ||||||| ||bul||
010 _aKNG00147958000
020 _a954-8317-21-4
040 _aBLK
041 _aBUL
_cBUL
072 7 _2bullib
_aЯ
_xАвтографи
080 _aБългарска литература
_b821.163.2
_x-1
_z821.163.2-1
100 1 _aПавлова, Иванка Стаменова
_eпърви автор
_9273501
139 _aПавлова, Иванка Стаменова
_bП 13
245 1 0 _aГрадините на сърцето
_bЛирика
_cИванка Стаменова Павлова.
257 _aBGR
260 _aСофия
_bЛице
_c1993
_fСофия : ДФ ПК
300 _a112 с.
_bс ил.
_c20 см
380 _aX
500 _aОфс. изд. - 1 500 тир.
653 _aстихотворения
659 _aК
659 _aЯ
852 _aЦб 174591
_bЦб
852 _aК 821.163.2/П 13 И
856 4 _qpdf
_i0.00
_ldisable
856 4 _qpdf
_i0.00
_ldisable
942 _cKNG
_n0
_s1
944 _aCR
_c01.08.2013
_lф /
_kРенета_Константинова
944 _aED
_c02.02.2018
_lф /
_kВиолета_Тройчева
999 _d141882
999 _d141882